| 000 | 02326nam a2200445 a 4500 | ||
|---|---|---|---|
| 003 | BLK | ||
| 005 | 20241202143432.0 | ||
| 008 | 180407b bul|||||r ||||||| ||bul|| | ||
| 010 | _aKNG00033808000 | ||
| 020 | _a954-731-074-7 | ||
| 040 | _aBLK | ||
| 041 |
_aBUL _cBUL |
||
| 080 |
_aСистеми на възпитание и образование. Методи и принципи на отделни теории и системи _b37.022 _z37.022 _9234560 |
||
| 080 |
_aПсихология на детската възраст. Интелектуално развитие на децата. Психически особености. Детски представи, описани в разкази _b159.922.7 _x.072 _z159.922.7.072 |
||
| 080 |
_aСъдържание, учебна програма, учебни предмети в предучилищното образование _b373.2.016 _z373.2.016 _9396394 |
||
| 100 |
_aГеоргиева, Елена Кръстева _9243814 _d1942 - _gПедагог |
||
| 245 | 1 | 0 |
_aСензорното възпитание по метода на М. Монтесори _bТеор.-прил. пособие за предучилищна възраст _cЕлена Георгиева, Ели Драголова. |
| 257 | _aBGR | ||
| 260 |
_aБургас _bДимант _c2000 _fЯмбол : Светлина |
||
| 300 |
_a48 с. _bс ил. _c22 см |
||
| 380 | _a3 | ||
| 504 | _aпод линия. | ||
| 650 | 4 |
_aПредучилищно възпитание _9241578 |
|
| 650 | 4 |
_aДетска и педагогическа психология _9244538 |
|
| 650 | 4 |
_aПсихотехника _9168425 |
|
| 653 | _aдетска психология | ||
| 653 | _aвъзпитание | ||
| 653 | _aпсихотехника | ||
| 653 | _aметод на М. Монтесори | ||
| 653 | _aпедагогика | ||
| 700 |
_aДраголова, Ели Георгиева _9255283 _qГеоргиева-Драголова, Ели Георгиева |
||
| 852 | _aЦб 206138 | ||
| 852 |
_bП _c37.02/Г 37 Е |
||
| 856 | 4 | _qpdf | |
| 856 | 4 | _qpdf | |
| 942 |
_cKNG _n0 _02 |
||
| 944 |
_aCR _c15.01.2003 _k30542 _lРусанова Ирена |
||
| 944 |
_aED _c2024-03-20 _kГГГ |
||
| 999 |
_c31163 _d31163 |
||